[Event "Canarias-chT"]
[Site "San Cristobal de La Laguna"]
[Date "2017.06.25"]
[Round "6.3"]
[White "De La Rosa Baez, Lucia"]
[Black "Hernandez Luis, Victor Manuel"]
[Result "0-1"]
[WhiteElo "1018"]
[BlackElo "1439"]
[PlyCount "60"]
[EventDate "2017.06.22"]
[EventType "team-swiss"]
[EventRounds "6"]
[EventCountry "ESP"]
[SourceTitle "EXT 2024"]
[Source "ChessBase"]
[SourceDate "2023.10.10"]
[SourceVersion "1"]
[SourceVersionDate "2023.10.10"]
[SourceQuality "1"]
[WhiteTeam "Ebano Casa Venezuela Jovenas"]
[BlackTeam "Roque Niquiomo II"]
[WhiteTeamCountry "ESP"]
[BlackTeamCountry "ESP"]

1. e4 d5 2. Nc3 d4 3. Nb5 e5 4. Nf3 Nc6 5. c3 Nf6 6. Ng5 h6 7. Nf3 d3 8. Qa4 a6 9. Na3 Be6 10. c4 Bc5 11. Qb3 Nxe4 12. Qxd3 Qxd3 13. Bxd3 Nxf2 14. 0-0 Nxd3+ 15. Kh1 0-0 16. b3 Nd4 17. h3 Nxf3 18. Rxf3 Nxc1 19. Rxc1 Bxa3 20. Rcc3 Rfd8 21. d3 Bb4 22. Rc2 Rd4 23. Re3 Rad8 24. Rxe5 Rxd3 25. Rce2 Rd1+ 26. Kh2 Bd6 27. Kg3 Bxe5+ 28. Rxe5 Rh1 29. h4 Rd3+ 30. Kf4 Rxh4+ 0-1

[Event "Canarias-chT"]
[Site "San Cristobal de La Laguna"]
[Date "2017.06.24"]
[Round "5.3"]
[White "Hernandez Luis, Victor Manuel"]
[Black "De La Rosa Baez, Carlos"]
[Result "1-0"]
[WhiteElo "1439"]
[BlackElo "1522"]
[PlyCount "99"]
[EventDate "2017.06.22"]
[EventType "team-swiss"]
[EventRounds "6"]
[EventCountry "ESP"]
[SourceTitle "EXT 2024"]
[Source "ChessBase"]
[SourceDate "2023.10.10"]
[SourceVersion "1"]
[SourceVersionDate "2023.10.10"]
[SourceQuality "1"]
[WhiteTeam "Roque Niquiomo II"]
[BlackTeam "Ebano Casa Venezuela II"]
[WhiteTeamCountry "ESP"]
[BlackTeamCountry "ESP"]

1. d4 e6 2. c4 Nf6 3. Nc3 c5 4. d5 exd5 5. cxd5 d6 6. e4 g6 7. Bc4 Bg7 8. Nge2 0-0 9. 0-0 a6 10. a4 Re8 11. f3 Qc7 12. Bf4 Nbd7 13. Qd2 Rb8 14. Rab1 Nh5 15. Bg5 Ne5 16. b3 Bd7 17. h3 b5 18. axb5 axb5 19. Bd3 c4 20. bxc4 bxc4 21. Bc2 Rxb1 22. Rxb1 Rc8 23. Rc1 Qb6+ 24. Be3 Qa6 25. Nf4 Nxf4 26. Bxf4 Nd3 27. Bxd3 cxd3 28. Kh2 Qa3 29. Nb1 Qxc1 30. Qxc1 Rxc1 31. Bxc1 Ba4 32. Bd2 f5 33. Kg3 Bb2 34. Kf4 Bd4 35. exf5 gxf5 36. Kxf5 Be5 37. Ke6 Bc2 38. Na3 Bb2 39. Nc4 Bd4 40. Nxd6 Bd1 41. Nb5 Bc5 42. d6 Bb3+ 43. Ke5 Kf7 44. Nc3 Ke8 45. Ne4 Ba3 46. Nf6+ Kd8 47. Nxh7 Bb2+ 48. Ke4 Bc4 49. Nf8 Bg7 50. Bg5+ 1-0